00000000nam##2200000za#4500
0019.569441
003CaOODSP
00520210624181754
007cr |||||||||||
008150406|1997||||xxc|||||o    f|0| 0 eng|d
040 |aCaOODSP|beng
043 |an-cn---
0861 |aNH18-1/97-1997E-PDF
1102 |aCanada Mortgage and Housing Corporation.
24510|aEvaluation of pollutant source strengths and control strategies in conventional and R-2000 houses / |h[electronic resource]|csubmitted by Peter Piersol.
260 |aOttawa - Ontario : |bCanada Mortgage and Housing Corporation |c1997.
300 |a194p.|bfig., graphs, tables
4901 |aResearch report
546 |a(Résumé en français.)
590 |a11-06-Supp|b2011-04-14
7201 |aPiersol, Peter
830#0|aResearch report (Canada Mortgage and Housing Corporation : Online)|w(CaOODSP)9.506068
85640|ahttp://publications.gc.ca|qPDF|s1.50 MB|uhttps://publications.gc.ca/collections/collection_2011/schl-cmhc/nh18-1/NH18-1-97-1997-eng.pdf